[Event "Bundesliga 9697"]
[Site "Deutschland"]
[Date "1997.??.??"]
[Round "?.6"]
[White "Stangl, Markus"]
[Black "Ankerst, Mihael"]
[Result "1/2-1/2"]
[WhiteElo "2540"]
[BlackElo "2355"]
[PlyCount "93"]
[EventDate "1996.10.??"]
[EventType "team"]
[EventRounds "15"]
[EventCountry "GER"]
[SourceTitle "Bundesliga 9697"]
[Source "DeepChess"]
[SourceDate "2005.01.01"]
[SourceVersion "1"]
[SourceVersionDate "2005.01.01"]
[SourceQuality "1"]
[WhiteTeam "SG Porz e.V."]
[BlackTeam "SG Bochum 31"]
[WhiteTeamCountry "GER"]
[BlackTeamCountry "GER"]

1. Nf3 Nf6 2. c4 g6 3. d4 Bg7 4. g3 O-O 5. Bg2 d6 6. O-O Nc6 7. Nc3 a6 8. b3
Rb8 9. e3 b5 10. Qe2 bxc4 11. bxc4 Na5 12. Ba3 c5 13. dxc5 dxc5 14. Rfd1 Nd7
15. Rac1 Nc6 16. Ne1 Qc7 17. Qd2 Rd8 18. Nd5 Qa7 19. Nd3 e6 20. N5f4 Bb7 21. h4
Bf6 22. Qe2 Nce5 23. Nxe5 Nxe5 24. Rxd8+ Rxd8 25. Bxc5 Qxc5 26. Bxb7 Qb4 27.
Bg2 Rd2 28. Qe1 Qb2 29. Be4 Bd8 30. c5 Bc7 31. c6 Qb4 32. Bg2 Qd6 33. a4 h6 34.
Qf1 Ng4 35. Nh3 a5 36. Qe1 Bb6 37. Rb1 Bc7 38. Be4 Kg7 39. Bf3 Ne5 40. Bg2 Rc2
41. Rd1 Qa3 42. Ra1 Qc5 43. Nf4 Nxc6 44. Nd3 Qd6 45. Rc1 Qxd3 46. Bxc6 Rxc1 47.
Qxc1 1/2-1/2

[Event "Bundesliga 9697"]
[Site "Deutschland"]
[Date "1997.??.??"]
[Round "?.7"]
[White "Backwinkel, Paul"]
[Black "Van Wely, Loek"]
[Result "0-1"]
[WhiteElo "2400"]
[BlackElo "2645"]
[PlyCount "79"]
[EventDate "1996.10.??"]
[EventType "team"]
[EventRounds "15"]
[EventCountry "GER"]
[SourceTitle "Bundesliga 9697"]
[Source "DeepChess"]
[SourceDate "2005.01.01"]
[SourceVersion "1"]
[SourceVersionDate "2005.01.01"]
[SourceQuality "1"]
[WhiteTeam "SG Bochum 31"]
[BlackTeam "SG Porz e.V."]
[WhiteTeamCountry "GER"]
[BlackTeamCountry "GER"]

1. d4 Nf6 2. c3 g6 3. Bg5 Bg7 4. Nd2 O-O 5. Ngf3 d6 6. e4 c5 7. dxc5 dxc5 8.
Bc4 Nc6 9. O-O Qc7 10. Re1 h6 11. Bxf6 Bxf6 12. a3 a6 13. Qe2 Bg7 14. Qe3 b6
15. Rad1 Bb7 16. Ba2 Rad8 17. h4 Rd7 18. Nf1 Rfd8 19. Rxd7 Rxd7 20. e5 e6 21.
h5 g5 22. N1h2 Ne7 23. Ng4 Qd8 24. Nfh2 Rd2 25. Nf6+ Kh8 26. Bb1 Rxb2 27. Be4
Nc6 28. Nhg4 Qd2 29. Qxd2 Rxd2 30. Rb1 b5 31. c4 Nxe5 32. Bxb7 Nxg4 33. Nxg4
bxc4 34. Bxa6 c3 35. Ne3 Bd4 36. Rc1 f5 37. Bc4 f4 38. Ng4 e5 39. Bb3 e4 40.
Rc2 0-1

[Event "Bundesliga 9697"]
[Site "Deutschland"]
[Date "1997.??.??"]
[Round "?.8"]
[White "Vogt, Lothar"]
[Black "Kitte, Sebastian"]
[Result "1/2-1/2"]
[WhiteElo "2515"]
[BlackElo "2300"]
[PlyCount "79"]
[EventDate "1996.10.??"]
[EventType "team"]
[EventRounds "15"]
[EventCountry "GER"]
[SourceTitle "Bundesliga 9697"]
[Source "DeepChess"]
[SourceDate "2005.01.01"]
[SourceVersion "1"]
[SourceVersionDate "2005.01.01"]
[SourceQuality "1"]
[WhiteTeam "SG Porz e.V."]
[BlackTeam "SG Bochum 31"]
[WhiteTeamCountry "GER"]
[BlackTeamCountry "GER"]

1. e4 c5 2. Nf3 e6 3. d4 cxd4 4. Nxd4 Nf6 5. Nc3 d6 6. g4 h6 7. h4 Be7 8. Rg1
d5 9. exd5 Nxd5 10. Nxd5 Qxd5 11. Bg2 Qc4 12. g5 hxg5 13. hxg5 e5 14. Nb3 Nc6
15. Bd5 Qb4+ 16. Bd2 Qd6 17. Qf3 Be6 18. Bxc6+ Qxc6 19. Qxc6+ bxc6 20. Na5 Bc5
21. Nxc6 Rc8 22. Nxe5 Bd4 23. Nd3 Rxc2 24. Rc1 Rxc1+ 25. Bxc1 Bxa2 26. Rg4 Bb6
27. Be3 Kd7 28. Bxb6 axb6 29. g6 f6 30. Ra4 Bb1 31. Nf4 Re8+ 32. Kd2 Re4 33.
Ra7+ Kd6 34. Ne2 Rg4 35. Rxg7 Rxg6 36. Rb7 Kc6 37. Rf7 Ba2 38. Rf8 Rh6 39. b3
Bb1 40. Nf4 1/2-1/2

[Event "Bundesliga 9697"]
[Site "Deutschland"]
[Date "1997.??.??"]
[Round "?.1"]
[White "Glek, Igor V"]
[Black "Ribli, Zoltan"]
[Result "0-1"]
[WhiteElo "2620"]
[BlackElo "2585"]
[PlyCount "82"]
[EventDate "1996.10.??"]
[EventType "team"]
[EventRounds "15"]
[EventCountry "GER"]
[SourceTitle "Bundesliga 9697"]
[Source "DeepChess"]
[SourceDate "2005.01.01"]
[SourceVersion "1"]
[SourceVersionDate "2005.01.01"]
[SourceQuality "1"]
[WhiteTeam "SG Bochum 31"]
[BlackTeam "SK Passau 1869"]
[WhiteTeamCountry "GER"]
[BlackTeamCountry "GER"]

1. e4 d6 2. d4 Nf6 3. Nc3 g6 4. f4 Bg7 5. Nf3 c5 6. dxc5 Qa5 7. Bd3 Qxc5 8. Qe2
Bg4 9. Be3 Qa5 10. O-O Nc6 11. Qe1 O-O 12. Kh1 Rac8 13. a3 Rfd8 14. h3 Bxf3 15.
Rxf3 e6 16. Qg1 Ne8 17. Nd1 d5 18. e5 f5 19. exf6 Nxf6 20. Rf1 Qc7 21. g4 e5
22. f5 e4 23. Be2 gxf5 24. g5 Nd7 25. Rxf5 Nde5 26. Nf2 Ne7 27. Rf6 N7g6 28.
Bd4 Nc6 29. Ng4 Nxd4 30. Qxd4 Qg3 31. Bf1 Rxc2 32. Rd1 Kh8 33. Qxa7 Ne5 34. Qb6
Rdc8 35. Qe3 Rh2+ 36. Nxh2 Qxe3 37. Re6 Nf3 38. Ng4 Qxg5 39. Rb6 d4 40. Bg2 h5
41. Nf2 Rc1 0-1

[Event "Bundesliga 9697"]
[Site "Deutschland"]
[Date "1997.??.??"]
[Round "?.2"]
[White "Schlosser, Philipp"]
[Black "Nijboer, Friso"]
[Result "1/2-1/2"]
[WhiteElo "2560"]
[BlackElo "2555"]
[PlyCount "76"]
[EventDate "1996.10.??"]
[EventType "team"]
[EventRounds "15"]
[EventCountry "GER"]
[SourceTitle "Bundesliga 9697"]
[Source "DeepChess"]
[SourceDate "2005.01.01"]
[SourceVersion "1"]
[SourceVersionDate "2005.01.01"]
[SourceQuality "1"]
[WhiteTeam "SK Passau 1869"]
[BlackTeam "SG Bochum 31"]
[WhiteTeamCountry "GER"]
[BlackTeamCountry "GER"]

1. Nf3 Nf6 2. c4 g6 3. Nc3 Bg7 4. e4 d6 5. d4 O-O 6. Be2 e5 7. O-O Nc6 8. d5
Ne7 9. b4 Nh5 10. Re1 Kh8 11. Nd2 Nf4 12. Bf1 f5 13. g3 Nh5 14. c5 Nf6 15. Bg2
h6 16. Nc4 fxe4 17. Nxe4 Bg4 18. Qb3 Nxe4 19. Bxe4 Qd7 20. Bb2 Rf7 21. f3 Bf5
22. Rf1 Raf8 23. Nd2 h5 24. Rad1 Kh7 25. Bxf5 gxf5 26. Kg2 h4 27. Nc4 Ng6 28.
cxd6 cxd6 29. b5 Rc8 30. Ba3 Bf8 31. Rfe1 Qd8 32. Rc1 hxg3 33. hxg3 Qg5 34.
Nxd6 Nf4+ 35. Kf2 Nh3+ 36. Kg2 Nf4+ 37. Kf2 Nh3+ 38. Kg2 Nf4+ 1/2-1/2

[Event "Bundesliga 9697"]
[Site "Deutschland"]
[Date "1997.??.??"]
[Round "?.3"]
[White "Schmittdiel, Eckhard"]
[Black "Smejkal, Jan"]
[Result "1/2-1/2"]
[WhiteElo "2440"]
[BlackElo "2505"]
[PlyCount "53"]
[EventDate "1996.10.??"]
[EventType "team"]
[EventRounds "15"]
[EventCountry "GER"]
[SourceTitle "Bundesliga 9697"]
[Source "DeepChess"]
[SourceDate "2005.01.01"]
[SourceVersion "1"]
[SourceVersionDate "2005.01.01"]
[SourceQuality "1"]
[WhiteTeam "SG Bochum 31"]
[BlackTeam "SK Passau 1869"]
[WhiteTeamCountry "GER"]
[BlackTeamCountry "GER"]

1. e4 e5 2. Nf3 Nc6 3. d4 exd4 4. Nxd4 Bc5 5. Be3 Qf6 6. c3 Nge7 7. Nc2 Bxe3 8.
Nxe3 Qe5 9. Qf3 f5 10. Nxf5 Rf8 11. Qe2 Nxf5 12. exf5 Rxf5 13. Nd2 d6 14. Nf3
Qxe2+ 15. Bxe2 Rf6 16. O-O Bf5 17. Nh4 Bd7 18. f4 O-O-O 19. g3 d5 20. Nf3 d4
21. cxd4 Bf5 22. Rfd1 Rfd6 23. Kf2 Nxd4 24. Nxd4 Rxd4 25. Rxd4 Rxd4 26. Rd1
Rxd1 27. Bxd1 1/2-1/2

[Event "Bundesliga 9697"]
[Site "Deutschland"]
[Date "1997.??.??"]
[Round "?.4"]
[White "Wells, Peter K"]
[Black "Bosch, Jeroen"]
[Result "1-0"]
[WhiteElo "2495"]
[BlackElo "2425"]
[PlyCount "63"]
[EventDate "1996.10.??"]
[EventType "team"]
[EventRounds "15"]
[EventCountry "GER"]
[SourceTitle "Bundesliga 9697"]
[Source "DeepChess"]
[SourceDate "2005.01.01"]
[SourceVersion "1"]
[SourceVersionDate "2005.01.01"]
[SourceQuality "1"]
[WhiteTeam "SK Passau 1869"]
[BlackTeam "SG Bochum 31"]
[WhiteTeamCountry "GER"]
[BlackTeamCountry "GER"]

1. d4 Nf6 2. c4 e6 3. Nf3 d5 4. g3 c6 5. Bg2 Nbd7 6. O-O Bd6 7. Nc3 dxc4 8. a4
a5 9. Bg5 Nb6 10. e4 Be7 11. Qe2 O-O 12. Rfd1 Ne8 13. Be3 Bb4 14. Ne5 Qe7 15.
Nxc4 Nxc4 16. Qxc4 Bd7 17. Na2 b5 18. axb5 Nd6 19. Qd3 Nxb5 20. d5 e5 21. Nxb4
axb4 22. Rac1 Rfc8 23. dxc6 Bxc6 24. Rxc6 Rxc6 25. Qxb5 Rc2 26. b3 h6 27. h4
Ra3 28. Qb8+ Kh7 29. Rd8 Qc7 30. Rh8+ Kg6 31. Qg8 Rxb3 32. Rxh6# 1-0

[Event "Bundesliga 9697"]
[Site "Deutschland"]
[Date "1997.??.??"]
[Round "?.5"]
[White "Ellers, Holger"]
[Black "Klebel, Martin"]
[Result "1/2-1/2"]
[WhiteElo "2260"]
[BlackElo "2410"]
[PlyCount "43"]
[EventDate "1996.10.??"]
[EventType "team"]
[EventRounds "15"]
[EventCountry "GER"]
[SourceTitle "Bundesliga 9697"]
[Source "DeepChess"]
[SourceDate "2005.01.01"]
[SourceVersion "1"]
[SourceVersionDate "2005.01.01"]
[SourceQuality "1"]
[WhiteTeam "SG Bochum 31"]
[BlackTeam "SK Passau 1869"]
[WhiteTeamCountry "GER"]
[BlackTeamCountry "GER"]

1. d4 d5 2. c4 c6 3. Nf3 Nf6 4. Nc3 e6 5. Bg5 Nbd7 6. cxd5 exd5 7. e3 h6 8. Bh4
Be7 9. Qc2 O-O 10. Bd3 Re8 11. Bg3 a6 12. O-O c5 13. dxc5 Nxc5 14. Bf5 Qb6 15.
Be5 Be6 16. Bxe6 Qxe6 17. Rfd1 Red8 18. Ne2 Nce4 19. Qb3 Nc5 20. Qc2 Nce4 21.
Qb3 Nc5 22. Qc2 1/2-1/2

[Event "Bundesliga 9697"]
[Site "Deutschland"]
[Date "1997.??.??"]
[Round "?.6"]
[White "Gross, David2"]
[Black "Buenermann, Volker"]
[Result "1-0"]
[WhiteElo "2335"]
[BlackElo "2350"]
[PlyCount "107"]
[EventDate "1996.10.??"]
[EventType "team"]
[EventRounds "15"]
[EventCountry "GER"]
[SourceTitle "Bundesliga 9697"]
[Source "DeepChess"]
[SourceDate "2005.01.01"]
[SourceVersion "1"]
[SourceVersionDate "2005.01.01"]
[SourceQuality "1"]
[WhiteTeam "SK Passau 1869"]
[BlackTeam "SG Bochum 31"]
[WhiteTeamCountry "GER"]
[BlackTeamCountry "GER"]

1. e4 c5 2. Nf3 d6 3. d4 cxd4 4. Nxd4 Nf6 5. Nc3 a6 6. Be2 e5 7. Nb3 Be7 8. O-O
O-O 9. Kh1 Nbd7 10. f4 Qc7 11. g4 exf4 12. g5 Ne8 13. Bxf4 Ne5 14. Nd4 Qd8 15.
Qd2 Be6 16. Rad1 g6 17. Nxe6 fxe6 18. Bxe5 Rxf1+ 19. Bxf1 dxe5 20. Qd7 Qxd7 21.
Rxd7 Bxg5 22. Rxb7 Be3 23. Bc4 Ng7 24. Rd7 Bd4 25. Nd1 Rc8 26. b3 a5 27. c3 Bc5
28. Nb2 Rf8 29. Nd3 Be3 30. Nxe5 Bf4 31. Nc6 h5 32. a4 h4 33. b4 axb4 34. cxb4
Be3 35. Rd8 Ne8 36. Ne5 Kg7 37. Ng4 Bb6 38. Rd7+ Rf7 39. Ne5 Rxd7 40. Nxd7 Bc7
41. Nc5 Kf6 42. Nxe6 Bb8 43. Bd5 Nc7 44. Nd4 Ba7 45. Nc6 Be3 46. Kg2 Kg5 47.
Kf3 Bg1 48. h3 Kh5 49. b5 g5 50. Bf7+ Kh6 51. Kg4 Kg7 52. Bc4 Kg6 53. a5 Ne8
54. e5 1-0

[Event "Bundesliga 9697"]
[Site "Deutschland"]
[Date "1997.??.??"]
[Round "?.7"]
[White "Kitte, Sebastian"]
[Black "Schlingensiepen, Christian"]
[Result "1-0"]
[WhiteElo "2300"]
[BlackElo "2290"]
[PlyCount "79"]
[EventDate "1996.10.??"]
[EventType "team"]
[EventRounds "15"]
[EventCountry "GER"]
[SourceTitle "Bundesliga 9697"]
[Source "DeepChess"]
[SourceDate "2005.01.01"]
[SourceVersion "1"]
[SourceVersionDate "2005.01.01"]
[SourceQuality "1"]
[WhiteTeam "SG Bochum 31"]
[BlackTeam "SK Passau 1869"]
[WhiteTeamCountry "GER"]
[BlackTeamCountry "GER"]

1. d4 Nf6 2. c4 e6 3. Nc3 Bb4 4. e3 c5 5. Nge2 d5 6. a3 cxd4 7. axb4 dxc3 8.
Nxc3 O-O 9. b5 dxc4 10. Bxc4 Qc7 11. Qe2 Nbd7 12. O-O b6 13. f3 Bb7 14. e4 Rfd8
15. Be3 Ne5 16. Bb3 Nd3 17. Rfd1 Nc5 18. Bc2 Rxd1+ 19. Rxd1 a5 20. bxa6 Bxa6
21. Qd2 Rc8 22. Qd6 Ne8 23. Qxc7 Rxc7 24. Rd8 Kf8 25. Ra8 Bb7 26. Bxc5+ bxc5
27. Rb8 Bc6 28. e5 Ke7 29. Kf2 Rd7 30. Ke3 h6 31. Be4 Rc7 32. Bxc6 Rxc6 33. Kd3
f6 34. f4 g5 35. g3 gxf4 36. gxf4 Nc7 37. Kc4 Na6 38. Rb7+ Rc7 39. Rxc7+ Nxc7
40. Kxc5 1-0

[Event "Bundesliga 9697"]
[Site "Deutschland"]
[Date "1997.??.??"]
[Round "?.8"]
[White "Goetz, Ralph"]
[Black "De Gleria, Francesco"]
[Result "1/2-1/2"]
[WhiteElo "2310"]
[BlackElo "2265"]
[PlyCount "39"]
[EventDate "1996.10.??"]
[EventType "team"]
[EventRounds "15"]
[EventCountry "GER"]
[SourceTitle "Bundesliga 9697"]
[Source "DeepChess"]
[SourceDate "2005.01.01"]
[SourceVersion "1"]
[SourceVersionDate "2005.01.01"]
[SourceQuality "1"]
[WhiteTeam "SK Passau 1869"]
[BlackTeam "SG Bochum 31"]
[WhiteTeamCountry "GER"]
[BlackTeamCountry "GER"]

1. e4 c5 2. Nf3 Nc6 3. d4 cxd4 4. Nxd4 Nf6 5. Nc3 d6 6. Be2 e5 7. Nf3 Be7 8.
Bg5 O-O 9. Bxf6 Bxf6 10. Nd5 Be6 11. c3 Bxd5 12. Qxd5 Qc7 13. Rd1 Rad8 14. Bc4
Ne7 15. Qd3 d5 16. exd5 Nxd5 17. Bxd5 e4 18. Qc4 Qxc4 19. Bxc4 exf3 20. O-O
1/2-1/2

[Event "Bundesliga 9697"]
[Site "Deutschland"]
[Date "1997.??.??"]
[Round "?.1"]
[White "Van der Sterren, Paul"]
[Black "Glek, Igor V"]
[Result "1-0"]
[WhiteElo "2515"]
[BlackElo "2620"]
[PlyCount "101"]
[EventDate "1996.10.??"]
[EventType "team"]
[EventRounds "15"]
[EventCountry "GER"]
[SourceTitle "Bundesliga 9697"]
[Source "DeepChess"]
[SourceDate "2005.01.01"]
[SourceVersion "1"]
[SourceVersionDate "2005.01.01"]
[SourceQuality "1"]
[WhiteTeam "SV Castrop Rauxel 1923"]
[BlackTeam "SG Bochum 31"]
[WhiteTeamCountry "GER"]
[BlackTeamCountry "GER"]

1. d4 f5 2. g3 Nf6 3. Bg2 g6 4. c4 Bg7 5. Nc3 d6 6. Nf3 O-O 7. O-O Qe8 8. d5 a5
9. Rb1 Na6 10. b3 Bd7 11. Bb2 c6 12. a3 Rc8 13. Na4 Qd8 14. dxc6 bxc6 15. c5 d5
16. Nb6 Rb8 17. b4 axb4 18. axb4 Nc7 19. Be5 Ng4 20. Bxg7 Kxg7 21. h3 Nf6 22.
Ne5 Be8 23. Ra1 Nb5 24. Ra6 Qc7 25. Qa1 d4 26. f4 Ne4 27. Bxe4 fxe4 28. e3 Rd8
29. exd4 Rxd4 30. Ra5 Qd8 31. Ra8 Qc7 32. Ra5 Qd8 33. Ra8 Qc7 34. Rc8 Qb7 35.
Rd8 Rxd8 36. Nxc6+ Rf6 37. Nxd8 Qb8 38. Rd1 e5 39. fxe5 Rf3 40. Kg2 Ra3 41. Qb2
Qa7 42. Ne6+ Kh6 43. Qd2+ e3 44. Qd8 Ra2+ 45. Kg1 Rg2+ 46. Kxg2 Qa2+ 47. Kh1
Qxe6 48. Qh4+ Kg7 49. Qf6+ Qxf6 50. exf6+ Kf7 51. Re1 1-0

[Event "Bundesliga 9697"]
[Site "Deutschland"]
[Date "1997.??.??"]
[Round "?.3"]
[White "Hoffmann, Michael"]
[Black "Nijboer, Friso"]
[Result "0-1"]
[WhiteElo "2440"]
[BlackElo "2555"]
[PlyCount "82"]
[EventDate "1996.10.??"]
[EventType "team"]
[EventRounds "15"]
[EventCountry "GER"]
[SourceTitle "Bundesliga 9697"]
[Source "DeepChess"]
[SourceDate "2005.01.01"]
[SourceVersion "1"]
[SourceVersionDate "2005.01.01"]
[SourceQuality "1"]
[WhiteTeam "SV Castrop Rauxel 1923"]
[BlackTeam "SG Bochum 31"]
[WhiteTeamCountry "GER"]
[BlackTeamCountry "GER"]

1. d4 Nf6 2. c4 g6 3. Nc3 Bg7 4. e4 d6 5. f3 O-O 6. Bg5 a6 7. Qd2 Nbd7 8. Nh3
c6 9. Nf2 b5 10. Be2 bxc4 11. Bxc4 a5 12. O-O a4 13. a3 c5 14. Be3 Qa5 15. Rfd1
Ba6 16. Ba2 cxd4 17. Bxd4 Rfc8 18. Nd5 Qxd2 19. Rxd2 Nxd5 20. Bxd5 Bh6 21. Rdd1
Rab8 22. Rab1 Be2 23. Ng4 Bg5 24. Re1 Bd3 25. Rbd1 Bc2 26. Ra1 e6 27. Ba2 h5
28. Ne3 Bb3 29. Bxb3 Rxb3 30. Rad1 Ne5 31. Nf1 Nc4 32. Re2 e5 33. Bf2 Nxb2 34.
Rxd6 Nc4 35. Ra6 Rxa3 36. h4 Be7 37. Rc2 Ra1 38. g3 a3 39. Kg2 Rxf1 40. Kxf1
Ne3+ 41. Bxe3 Rxc2 0-1

[Event "Bundesliga 9697"]
[Site "Deutschland"]
[Date "1997.??.??"]
[Round "?.4"]
[White "Schmittdiel, Eckhard"]
[Black "Appel, Ralf"]
[Result "1-0"]
[WhiteElo "2440"]
[BlackElo "2495"]
[PlyCount "73"]
[EventDate "1996.10.??"]
[EventType "team"]
[EventRounds "15"]
[EventCountry "GER"]
[SourceTitle "Bundesliga 9697"]
[Source "DeepChess"]
[SourceDate "2005.01.01"]
[SourceVersion "1"]
[SourceVersionDate "2005.01.01"]
[SourceQuality "1"]
[WhiteTeam "SG Bochum 31"]
[BlackTeam "SV Castrop Rauxel 1923"]
[WhiteTeamCountry "GER"]
[BlackTeamCountry "GER"]

1. e4 Nf6 2. e5 Nd5 3. d4 d6 4. c4 Nb6 5. f4 dxe5 6. fxe5 Nc6 7. Be3 Bf5 8. Nc3
e6 9. Nf3 Be7 10. Be2 O-O 11. O-O f6 12. exf6 Bxf6 13. Qd2 Qe7 14. Rad1 Rad8
15. h3 Bg6 16. Qc1 Kh8 17. b3 Rd7 18. Bg5 Nxd4 19. Nxd4 Rxd4 20. Bxf6 Rxd1 21.
Bxg7+ Kxg7 22. Rxd1 Qc5+ 23. Kh1 Rf2 24. Bf3 Qe5 25. Qa1 Rc2 26. Nb5 Qxa1 27.
Rxa1 e5 28. Bxb7 Nd7 29. Nxc7 Nc5 30. Bd5 Nd3 31. a3 e4 32. Ne6+ Kh6 33. b4 Rd2
34. Nc5 Nf2+ 35. Kh2 e3 36. Re1 e2 37. Bf3 1-0

[Event "Bundesliga 9697"]
[Site "Deutschland"]
[Date "1997.??.??"]
[Round "?.5"]
[White "Libeau, Rene"]
[Black "Bosch, Jeroen"]
[Result "0-1"]
[WhiteElo "2450"]
[BlackElo "2425"]
[PlyCount "71"]
[EventDate "1996.10.??"]
[EventType "team"]
[EventRounds "15"]
[EventCountry "GER"]
[SourceTitle "Bundesliga 9697"]
[Source "DeepChess"]
[SourceDate "2005.01.01"]
[SourceVersion "1"]
[SourceVersionDate "2005.01.01"]
[SourceQuality "1"]
[WhiteTeam "SV Castrop Rauxel 1923"]
[BlackTeam "SG Bochum 31"]
[WhiteTeamCountry "GER"]
[BlackTeamCountry "GER"]

1. d4 Nf6 2. Nf3 d5 3. c4 e6 4. Nc3 Nbd7 5. Bg5 Be7 6. e3 O-O 7. Bd3 dxc4 8.
Bxc4 a6 9. a4 c5 10. O-O cxd4 11. exd4 Nb6 12. Bb3 Bd7 13. Ne5 Bc6 14. Re1 Nbd5
15. Qd3 Nb4 16. Qh3 Bd5 17. Nxd5 Nfxd5 18. Bd2 Nc6 19. Bc2 g6 20. Bc3 Rc8 21.
Bb3 Nxe5 22. Rxe5 Bf6 23. Bxd5 Bxe5 24. Bxe6 Bxh2+ 25. Kxh2 Qd6+ 26. Kg1 fxe6
27. Re1 Rf5 28. Qh6 Rh5 29. Qe3 Re8 30. f4 Rd5 31. a5 Qf8 32. Rf1 Qf5 33. Rf3
Qg4 34. Qe1 Rf8 35. Qe3 Rf6 36. Bb4 $138 0-1

[Event "Bundesliga 9697"]
[Site "Deutschland"]
[Date "1997.??.??"]
[Round "?.6"]
[White "Reschke, Stefan"]
[Black "Dinstuhl, Volkmar"]
[Result "1-0"]
[WhiteElo "2390"]
[BlackElo "2405"]
[PlyCount "71"]
[EventDate "1996.10.??"]
[EventType "team"]
[EventRounds "15"]
[EventCountry "GER"]
[SourceTitle "Bundesliga 9697"]
[Source "DeepChess"]
[SourceDate "2005.01.01"]
[SourceVersion "1"]
[SourceVersionDate "2005.01.01"]
[SourceQuality "1"]
[WhiteTeam "SG Bochum 31"]
[BlackTeam "SV Castrop Rauxel 1923"]
[WhiteTeamCountry "GER"]
[BlackTeamCountry "GER"]

1. d4 Nf6 2. c4 e6 3. g3 c5 4. Nf3 cxd4 5. Nxd4 Qc7 6. Nd2 Bc5 7. N2f3 Ne4 8.
e3 Nc6 9. Nc2 O-O 10. Bg2 Rd8 11. O-O d5 12. cxd5 exd5 13. Nfd4 Ne5 14. f3 Nf6
15. Bd2 Bd7 16. Bc3 Re8 17. Re1 Rad8 18. Rc1 Qb6 19. Nb3 Bd6 20. Ba5 Qa6 21.
Bf1 Nc4 22. Bxd8 Rxd8 23. Nd2 b5 24. Nxc4 bxc4 25. b3 Qxa2 26. bxc4 Ba4 27. Qe2
Qb2 28. Nd4 Qb6 29. Qa2 Be8 30. cxd5 Bb4 31. Red1 Nxd5 32. Qb3 a5 33. Nf5 a4
34. Qb2 Qg6 35. e4 Rb8 36. Rxd5 1-0

[Event "Bundesliga 9697"]
[Site "Deutschland"]
[Date "1997.??.??"]
[Round "?.8"]
[White "Ellers, Holger"]
[Black "Sehner, Norbert"]
[Result "1/2-1/2"]
[WhiteElo "2260"]
[BlackElo "2390"]
[PlyCount "137"]
[EventDate "1996.10.??"]
[EventType "team"]
[EventRounds "15"]
[EventCountry "GER"]
[SourceTitle "Bundesliga 9697"]
[Source "DeepChess"]
[SourceDate "2005.01.01"]
[SourceVersion "1"]
[SourceVersionDate "2005.01.01"]
[SourceQuality "1"]
[WhiteTeam "SG Bochum 31"]
[BlackTeam "SV Castrop Rauxel 1923"]
[WhiteTeamCountry "GER"]
[BlackTeamCountry "GER"]

1. d4 d5 2. c4 e6 3. Nf3 c6 4. Nc3 dxc4 5. e3 b5 6. a4 Bb4 7. Bd2 a5 8. axb5
Bxc3 9. Bxc3 cxb5 10. b3 Bb7 11. bxc4 b4 12. Bb2 Nf6 13. Bd3 Nbd7 14. O-O O-O
15. Re1 Qc7 16. e4 e5 17. c5 exd4 18. Rc1 Ne5 19. c6 Bc8 20. Bxd4 Nfg4 21. Nxe5
Nxe5 22. Bb1 Re8 23. Qh5 Qd6 24. Bc5 Qf6 25. h3 Qxc6 26. Bxb4 Qg6 27. Qxg6 hxg6
28. Bc3 a4 29. f4 Nd7 30. e5 Nf8 31. Be4 Ra6 32. Bd3 Rb6 33. Ba5 Rb2 34. Bc3
Rb8 35. g4 Be6 36. f5 gxf5 37. gxf5 Bd5 38. Be4 Bxe4 39. Rxe4 a3 40. Ra4 Ra8
41. Rxa8 Rxa8 42. Kf2 Ra4 43. Ke3 g6 44. fxg6 Nxg6 45. Bd4 a2 46. Rg1 Kf8 47.
Bb2 Ke7 48. Kd2 Ke6 49. Kc2 Nxe5 50. Kb3 Ra6 51. Re1 f6 52. Rf1 f5 53. h4 Nd3
54. Ba1 Rb6+ 55. Kxa2 f4 56. h5 Kf5 57. Bg7 Ke4 58. h6 Rb8 59. h7 Ke3 60. Rg1
f3 61. Bh6+ Ke2 62. Rg8 f2 63. Rxb8 f1=Q 64. h8=Q Qf7+ 65. Ka3 Qe7+ 66. Kb3
Qe6+ 67. Kc3 Qc6+ 68. Kb3 Qe6+ 69. Kc3 1/2-1/2

[Event "Bundesliga 9697"]
[Site "Deutschland"]
[Date "1997.??.??"]
[Round "?.1"]
[White "Georgiev, Kiril"]
[Black "Hickl, Joerg"]
[Result "1-0"]
[WhiteElo "2645"]
[BlackElo "2575"]
[PlyCount "59"]
[EventDate "1996.10.??"]
[EventType "team"]
[EventRounds "15"]
[EventCountry "GER"]
[SourceTitle "Bundesliga 9697"]
[Source "DeepChess"]
[SourceDate "2005.01.01"]
[SourceVersion "1"]
[SourceVersionDate "2005.01.01"]
[SourceQuality "1"]
[WhiteTeam "SG Bochum 31"]
[BlackTeam "SV Empor Berlin e.V."]
[WhiteTeamCountry "GER"]
[BlackTeamCountry "GER"]

1. d4 d6 2. g3 e5 3. dxe5 dxe5 4. Qxd8+ Kxd8 5. Bg2 Nc6 6. Bxc6 bxc6 7. Nc3 Nf6
8. Nf3 Bd6 9. Bg5 Ke7 10. O-O-O Rd8 11. Ne1 h6 12. Bxf6+ Kxf6 13. Nd3 Ke7 14.
Na4 Be6 15. Ndc5 Bc4 16. Rhe1 Bxc5 17. Nxc5 Rd5 18. Na4 Rxd1+ 19. Kxd1 f5 20.
b3 Bf7 21. Kc1 g5 22. Rd1 f4 23. Nc5 Be8 24. e3 fxe3 25. fxe3 Rb8 26. c4 Rc8
27. Rd2 Rb8 28. Kb2 Rc8 29. Ka3 Kf6 30. Kb4 1-0